MARC details
| 000 -LEADER |
| fixed length control field |
01616cab a22003375a 4500 |
| 001 - CONTROL NUMBER |
| control field |
L158226 |
| 008 - FIXED-LENGTH DATA ELEMENTS--GENERAL INFORMATION |
| fixed length control field |
141021e2014 xxk 000 0 eng d |
| 035 ## - SYSTEM CONTROL NUMBER |
| System control number |
(Sirsi) u158226 |
| 041 0# - LANGUAGE CODE |
| Language code of text/sound track or separate title |
eng |
| 100 1# - MAIN ENTRY--PERSONAL NAME |
| Personal name |
Lewsley, Christopher |
| 245 00 - TITLE STATEMENT |
| Title |
Prohibited by law |
| Remainder of title |
Evolution without revolution? |
| 260 ## - PUBLICATION, DISTRIBUTION, ETC. |
| Date of publication, distribution, etc. |
2014 |
| 490 ## - SERIES STATEMENT |
| Series statement |
Rating and Valuation Reporter |
| Volume/sequential designation |
54(10) October 2014, 264-267(4) |
| 520 ## - SUMMARY, ETC. |
| Summary, etc. |
Traces the development of rating of unoccupied property in England introduced by the Local Government Act 1966 up to 2014 with reference to case law which up to the introduction of Council Tax in 1990 covered domestic and non-domestic dwellings. Domestic dwellings since 1990 have been dealt with by Council Tax legislation. Looks at how Council Tax is applied to unoccupied properties in Scotland. |
| 650 24 - SUBJECT ADDED ENTRY--TOPICAL TERM |
| Topical term or geographic name entry element |
UNOCCUPIED PROPERTY |
| 650 24 - SUBJECT ADDED ENTRY--TOPICAL TERM |
| Topical term or geographic name entry element |
EMPTY PROPERTIES |
| 650 24 - SUBJECT ADDED ENTRY--TOPICAL TERM |
| Topical term or geographic name entry element |
COUNCIL TAX |
| 650 24 - SUBJECT ADDED ENTRY--TOPICAL TERM |
| Topical term or geographic name entry element |
NON-DOMESTIC RATES |
| 650 24 - SUBJECT ADDED ENTRY--TOPICAL TERM |
| Topical term or geographic name entry element |
EASIWORK HOMES LTD V REDBRIDGE LBC |
| 650 24 - SUBJECT ADDED ENTRY--TOPICAL TERM |
| Topical term or geographic name entry element |
RAVENSEFT PROPERTIES LTD V NEWHAM (LBC) |
| 650 24 - SUBJECT ADDED ENTRY--TOPICAL TERM |
| Topical term or geographic name entry element |
TOWER HAMLETS (LBC) V ST KATHERINE BY THE TOWER LTD EASIWORK HOMES LTD V REDBRIDGE LONDON (BC) |
| 650 24 - SUBJECT ADDED ENTRY--TOPICAL TERM |
| Topical term or geographic name entry element |
HAILBURY INVESTMENTS LTD V WESTMINSTER CITY COUNCIL |
| 650 24 - SUBJECT ADDED ENTRY--TOPICAL TERM |
| Topical term or geographic name entry element |
REGENT LION PROPERTIES V WESTMINSTER CC |
| 650 24 - SUBJECT ADDED ENTRY--TOPICAL TERM |
| Topical term or geographic name entry element |
PALL MALL INVESTMENTS (LONDON) LTD V GLOUCHESTER CC |
| 650 24 - SUBJECT ADDED ENTRY--TOPICAL TERM |
| Topical term or geographic name entry element |
RE THE APPEAL OF EDINBURGH CITY COUNCIL |
| 650 24 - SUBJECT ADDED ENTRY--TOPICAL TERM |
| Topical term or geographic name entry element |
LOCAL GOVERNMENT ACT 1966 S22 |
| 650 24 - SUBJECT ADDED ENTRY--TOPICAL TERM |
| Topical term or geographic name entry element |
NON-DOMESTIC RATING (UNOCCUPIED PROPERTY) (ENGLAND) REGULATIONS 2008 |
| 651 #4 - SUBJECT ADDED ENTRY--GEOGRAPHIC NAME |
| Geographic name |
United Kingdom |
| Chronological subdivision |
|
| 690 ## - LOCAL SUBJECT ADDED ENTRY--TOPICAL TERM (OCLC, RLIN) |
| Topical term or geographic name as entry element |
Finance and taxation |
| 942 ## - ADDED ENTRY ELEMENTS (KOHA) |
| Suppress in OPAC |
0 |